000
00281nam a2200121Ia 4500
008
190216s9999||||xx |||||||||||||| ||und||
100
_a
Carl L Wilson & Waltor E Loomis
245
0
_a
Botany
260
_b
Oxford & I B H
_c
1952
300
_a
626p
650
_a
Botany
942
_c
BK
999
_c
1093
_d
1093